Aphasia in adults: diagnosis, prognosis and treatment
Saved in:
| Main Authors: | , , |
|---|---|
| Format: | Bog |
| Sprog: | engelsk |
| Udgivet: |
Nueva York
Harper and Row
1969
|
| Fag: | |
| Tags: |
Tilføj Tag
Ingen Tags, Vær først til at tagge denne postø!
|
MARC
| LEADER | 00000nam a2200000 a 4500 | ||
|---|---|---|---|
| 001 | UCW8064 | ||
| 003 | CL-VaPUC | ||
| 008 | 880502e19690000US |||||||||||||||||eng|d | ||
| 082 | 0 | 4 | |a 616.855 |b SCH |2 21 |
| 100 | 0 | |a Schuell, Hildred |e author |9 313173 | |
| 700 | 0 | |a Jenkins, James J |e author |9 313174 | |
| 700 | 0 | |a Jiménez-Pabón, Edward |e author |9 313175 | |
| 245 | 1 | 0 | |a Aphasia in adults: diagnosis, prognosis and treatment |
| 300 | |a 428 p | ||
| 942 | |c BK | ||
| 945 | |d 19880502 00:00:00 | ||
| 260 | |a Nueva York |b Harper and Row |c 1969 | ||
| 650 | 0 | |a Afasia |9 310673 | |
| 650 | 7 | |a TRASTORNOS DEL HABLA |2 CL-VaPUC |9 309440 | |
| 583 | |a last modification |c 19880502 00:00:00 |k Rodrigo Vera | ||
| 999 | |c 220558 |d 220556 | ||
| 952 | |0 0 |1 0 |4 0 |6 616_855000000000000_SCH_1969 |7 0 |8 A |9 212975 |a FDOPOS |b FDOPOS |d 2019-11-15 |i 2812657 |o 616.855 SCH 1969 |p 2812657 |r 2025-01-22 |w 2019-11-15 |y BK |k MLA | ||